000 00840nam a2200241 i 4500
001 150996
003 ES-MaACL
005 20250915230735.0
007 t|
008 071126q1893 sp ||||1| spa d
245 0 0 _aTesoro de cuentos /
_cpor Alfonso Daudet, Catulo Mendes, Teodoro de Banville ... [et al.].
260 _aMadrid :
_bLa España Moderna,
_c[1893?]
300 _a324 p. ;
_c17 cm.
490 1 _aColección de libros escogidos ;
_v82
500 _aLa España Moderna ejerce ca. 1890-1900.
650 4 _aCuentos franceses-
_yS.XIX.
_9152899
700 1 _aDaudet, Alphonse,
_d1840-1897
_942799
700 0 _aMendès, Catulle.
_980102
700 1 _aBanville, Théodore,
_d1823-1891
_9125795
830 0 _aColección de libros escogidos ;
_v82
_9181858
852 _aES-MaACL
_jA-4720
999 _c150996
_d150996